000 00742nam a2200157Ia 4500
008 220216s9999 xx 000 0 und d
100 _aDeepthi R
245 0 _aSeed variability in high yielding Hevea brasiliensis clones
260 _bIn: Modern Trends in Conservation, Utilization and Improvement of Plant Genetic Resources: Proceedings of Gregor Mendel Foundation Seminar, 23-24 November 2017, Thiruvananthapuram, India. (Eds. Mohanan, K.V, Radhakrishnan, V.V, Suhara Beevy, S, Yusuf, A. and Gangaprasad, A). Gregor Mendel Foundation, Calicut University, Kerala, India, pp. 132-139.
650 _aAlternate oil source
650 _aClonal variability
650 _aRubber seed
700 _aGireesh T
856 _uCopy
942 _cJS
999 _c68541
_d68541